[Event "Transcontinental hivernal ABCDE"]
[Site "Montreal"]
[Date "2018.02.25"]
[Round "4"]
[White "Raduica, Gheorghe"]
[Black "Chira, Dan"]
[Result "0-1"]
[WhiteElo "1480"]
[BlackElo "1462"]
[PlyCount "135"]
[EventDate "2018.02.23"]
[EventType "swiss"]
[EventRounds "5"]
[EventCountry "CAN"]
[SourceTitle "EXT 2022"]
[Source "ChessBase"]
[SourceDate "2021.10.06"]
[SourceVersion "1"]
[SourceVersionDate "2021.10.06"]
[SourceQuality "1"]

1. e4 a6 2. c4 b6 3. Nc3 Bb7 4. d4 e6 5. Nf3 c6 6. Ne5 d6 7. Nf3 Be7 8. Bd3 Qc7 9. 0-0 Nd7 10. Bf4 Ngf6 11. e5 Nh5 12. exd6 Bxd6 13. Bxd6 Qxd6 14. Ne5 Nhf6 15. Nxd7 Qxd7 16. Be2 0-0 17. Qd3 Rfd8 18. Rfd1 Qe7 19. Ne4 Nxe4 20. Qxe4 c5 21. Qe3 cxd4 22. Rxd4 Rxd4 23. Qxd4 Qc7 24. Rd1 h6 25. Qd7 Rc8 26. b3 Bc6 27. Qxc7 Rxc7 28. a4 Kf8 29. f3 Ke7 30. Kf2 Bb7 31. Ke3 Rc6 32. f4 Rd6 33. g3 Rxd1 34. Bxd1 Kd6 35. Kd4 a5 36. Bh5 f6 37. Bg6 Bf3 38. Bc2 Bc6 39. h4 e5+ 40. fxe5+ fxe5+ 41. Kc3 Kc5 42. Bd1 Bg2 43. Be2 e4 44. Bd1 Bf3 45. Bc2 e3 46. Bf5 Bd1 47. Bd3 e2 48. Kd2 Bxb3 49. Bxe2 Bxc4 50. Bh5 Kb4 51. Kc2 Bb3+ 52. Kb2 Bxa4 53. Be2 Bb5 54. Bd1 Bd3 55. g4 a4 56. g5 hxg5 57. hxg5 a3+ 58. Ka2 Bc4+ 59. Ka1 Kc3 60. g6 b5 61. Bc2 Bd3 62. Bb3 Bxg6 63. Ka2 b4 64. Be6 Bd3 65. Bd7 g5 66. Bc6 g4 67. Bg2 Be2 68. Bc6 0-1

[Event "Quebec-ch Senior Participation"]
[Site "Montreal"]
[Date "2017.04.23"]
[Round "5"]
[White "Raduica, Gheorghe"]
[Black "Gervais, Marcel"]
[Result "1/2-1/2"]
[WhiteElo "1471"]
[BlackElo "1417"]
[PlyCount "43"]
[EventDate "2017.04.21"]
[EventType "swiss"]
[EventRounds "5"]
[EventCountry "CAN"]
[SourceTitle "EXT 2022"]
[Source "ChessBase"]
[SourceDate "2021.10.06"]
[SourceVersion "1"]
[SourceVersionDate "2021.10.06"]
[SourceQuality "1"]

1. e4 c6 2. Nf3 d5 3. exd5 cxd5 4. Bb5+ Bd7 5. Bxd7+ Nxd7 6. c3 e6 7. d4 Bd6 8. 0-0 Ngf6 9. Bg5 0-0 10. Re1 Qc7 11. Bxf6 Nxf6 12. Ne5 b5 13. a3 a5 14. Nd2 Rfb8 15. Qe2 b4 16. axb4 axb4 17. c4 b3 18. c5 Bxe5 19. dxe5 Nd7 20. Rxa8 Rxa8 21. Nxb3 Nxc5 22. Rc1 1/2-1/2

[Event "Quebec-ch Senior Participation"]
[Site "Montreal"]
[Date "2017.04.22"]
[Round "3"]
[White "Raduica, Gheorghe"]
[Black "Boisvert, Alain"]
[Result "0-1"]
[WhiteElo "1471"]
[BlackElo "1331"]
[PlyCount "100"]
[EventDate "2017.04.21"]
[EventType "swiss"]
[EventRounds "5"]
[EventCountry "CAN"]
[SourceTitle "EXT 2022"]
[Source "ChessBase"]
[SourceDate "2021.10.06"]
[SourceVersion "1"]
[SourceVersionDate "2021.10.06"]
[SourceQuality "1"]

1. c4 c5 2. Nf3 Nc6 3. Nc3 g6 4. d4 cxd4 5. Nxd4 Bg7 6. Nxc6 bxc6 7. Bd2 Rb8 8. Rb1 Nf6 9. Qc1 0-0 10. Bh6 d5 11. Bxg7 Kxg7 12. cxd5 cxd5 13. e3 Bf5 14. Ra1 Qb6 15. Bb5 a6 16. Ba4 Qxb2 17. Qxb2 Rxb2 18. 0-0 Rc8 19. Rfc1 e5 20. Bb3 Rd8 21. f3 d4 22. Nd1 Rd2 23. e4 Bd7 24. Rc5 Re8 25. Rc7 Be6 26. Ba4 Rc8 27. Ra7 Rxa2 28. Rxa2 Bxa2 29. Rxa6 Be6 30. Kf2 Nd7 31. Rc6 Rxc6 32. Bxc6 Nc5 33. Bb5 Bc8 34. Nb2 f5 35. Bd3 Kf6 36. h3 Bb7 37. exf5 gxf5 38. Bc4 e4 39. fxe4 fxe4 40. g3 h5 41. h4 e3+ 42. Kg1 Bf3 43. Bd3 Nxd3 44. Nxd3 Kf5 45. Nc5 Kg4 46. Kh2 Bd5 47. Nd3 e2 48. Ne5+ Kf5 49. Nd3 Be4 50. Ne1 d3 0-1

[Event "Quebec-ch Senior Participation"]
[Site "Montreal"]
[Date "2017.04.21"]
[Round "1"]
[White "Raduica, Gheorghe"]
[Black "Lauzon, Francois"]
[Result "1-0"]
[WhiteElo "1471"]
[BlackElo "1264"]
[PlyCount "81"]
[EventDate "2017.04.21"]
[EventType "swiss"]
[EventRounds "5"]
[EventCountry "CAN"]
[SourceTitle "EXT 2022"]
[Source "ChessBase"]
[SourceDate "2021.10.06"]
[SourceVersion "1"]
[SourceVersionDate "2021.10.06"]
[SourceQuality "1"]

1. c4 c5 2. Nf3 Nf6 3. Nc3 b6 4. d4 d5 5. dxc5 bxc5 6. Nxd5 Nxd5 7. Qxd5 Qxd5 8. cxd5 Ba6 9. e4 Bxf1 10. Rxf1 e6 11. dxe6 fxe6 12. Ng5 e5 13. Ne6 Kd7 14. Ng5 Nc6 15. Be3 h6 16. Rd1+ Nd4 17. Nf7 Bd6 18. Nxh8 Rxh8 19. Bxd4 cxd4 20. Kd2 Rc8 21. Rc1 Bb4+ 22. Kd3 Rxc1 23. Rxc1 a5 24. a3 Bd6 25. Rf1 g5 26. f3 Ke6 27. g3 Bc7 28. h4 Kf6 29. hxg5+ Kxg5 30. Rc1 Bb6 31. Rc6 Bd8 32. b4 axb4 33. axb4 h5 34. b5 h4 35. gxh4+ Kxh4 36. b6 Bxb6 37. Rxb6 Kg3 38. Rf6 Kh4 39. f4 exf4 40. Rxf4+ Kg5 41. Rf5+ 1-0

[Event "Transcontinental Printanier ABCDEF"]
[Site "Montreal"]
[Date "2017.04.01"]
[Round "2"]
[White "Raduica, Gheorghe"]
[Black "Chira, Dan"]
[Result "1-0"]
[WhiteElo "1530"]
[BlackElo "1424"]
[PlyCount "87"]
[EventDate "2017.03.31"]
[EventType "swiss"]
[EventRounds "5"]
[EventCountry "CAN"]
[SourceTitle "EXT 2022"]
[Source "ChessBase"]
[SourceDate "2021.10.06"]
[SourceVersion "1"]
[SourceVersionDate "2021.10.06"]
[SourceQuality "1"]

1. e4 c5 2. Nf3 d6 3. Bb5+ Nc6 4. 0-0 Bd7 5. d4 a6 6. Bxc6 bxc6 7. dxc5 Bg4 8. cxd6 Bxf3 9. d7+ Qxd7 10. Qxf3 e5 11. Rd1 Qe6 12. Nc3 Nf6 13. h3 Be7 14. Bg5 Rb8 15. Bxf6 Bxf6 16. Na4 0-0 17. Nc5 Qc4 18. Nd7 Be7 19. Nxb8 Rxb8 20. Qc3 Qe6 21. Qd3 Ra8 22. Qd7 Qxd7 23. Rxd7 Kf8 24. Rad1 Ke8 25. Rb7 Rd8 26. Rxd8+ Bxd8 27. b4 a5 28. a3 axb4 29. axb4 Be7 30. c3 Bd8 31. Kf1 h5 32. Ke2 g5 33. f3 h4 34. Kd3 Kf8 35. Rd7 Ke8 36. Rd6 c5 37. bxc5 Ke7 38. Rxd8 Kxd8 39. Kc4 Kc7 40. Kd5 Kd7 41. Kxe5 Kc6 42. Kd4 f6 43. c4 Kd7 44. Kd5 1-0

[Event "Montreal Transcontinental ABCDEFG"]
[Site "Montreal"]
[Date "2016.12.09"]
[Round "1"]
[White "Laforest, Claude"]
[Black "Raduica, Gheorghe"]
[Result "0-1"]
[WhiteElo "1463"]
[BlackElo "1418"]
[PlyCount "120"]
[EventDate "2016.12.09"]
[EventType "swiss"]
[EventRounds "5"]
[EventCountry "CAN"]
[SourceTitle "EXT 2022"]
[Source "ChessBase"]
[SourceDate "2021.10.06"]
[SourceVersion "1"]
[SourceVersionDate "2021.10.06"]
[SourceQuality "1"]

1. d4 Nf6 2. c4 d6 3. Nc3 a6 4. Bg5 e6 5. e4 Be7 6. Nf3 h6 7. Bh4 Nbd7 8. Bd3 e5 9. d5 Nb6 10. h3 Nfxd5 11. Nxd5 Nxd5 12. cxd5 Bxh4 13. Rc1 Be7 14. Qc2 c6 15. dxc6 bxc6 16. Qxc6+ Bd7 17. Qc2 Rc8 18. Qd1 Rxc1 19. Qxc1 Qa5+ 20. Nd2 Bg5 21. Qc3 Bxd2+ 22. Kxd2 Qxc3+ 23. bxc3 a5 24. Rb1 Ke7 25. Rb7 Rd8 26. Bb5 Ke6 27. c4 a4 28. Kc3 Bxb5 29. Rxb5 Ra8 30. Kb4 f5 31. f3 fxe4 32. fxe4 Ra7 33. Rd5 Rf7 34. Rd2 Ra7 35. h4 h5 36. a3 Rc7 37. Rd5 Rf7 38. g3 Rf3 39. Kxa4 Rxg3 40. Kb4 Rg4 41. a4 Rxe4 42. a5 Rxh4 43. a6 Rf4 44. a7 Rf8 45. Ra5 Ra8 46. Kb5 Kd7 47. Kb6 g5 48. Kb7 Rxa7+ 49. Rxa7 h4 50. Kb6+ Ke6 51. c5 dxc5 52. Kxc5 g4 53. Ra4 Kf5 54. Ra8 g3 55. Rf8+ Kg4 56. Kd5 h3 57. Kxe5 h2 58. Rh8 Kf3 59. Rh7 g2 60. Rxh2 g1Q 0-1

[Event "Quebec op U1700"]
[Site "Montreal"]
[Date "2016.07.24"]
[Round "2.19"]
[White "Moreau, Michel"]
[Black "Raduica, Gheorghe"]
[Result "1/2-1/2"]
[WhiteElo "1428"]
[BlackElo "1546"]
[PlyCount "49"]
[EventDate "2016.07.23"]
[EventType "swiss"]
[EventRounds "8"]
[EventCountry "CAN"]
[SourceTitle "EXT 2022"]
[Source "ChessBase"]
[SourceDate "2021.10.06"]
[SourceVersion "1"]
[SourceVersionDate "2021.10.06"]
[SourceQuality "1"]

1. d4 Nf6 2. Nf3 d6 3. Bf4 Nh5 4. Bg5 h6 5. Bh4 g5 6. Bg3 Nxg3 7. hxg3 Bf5 8. Nxg5 e5 9. Nf3 e4 10. Nh4 Bh7 11. e3 Bg7 12. Be2 Nd7 13. c3 Nb6 14. Nd2 Qe7 15. Bg4 d5 16. Nf5 Bxf5 17. Bxf5 c6 18. Bg4 Kd8 19. a4 Nd7 20. Bxd7 Qxd7 21. Nb3 Bf8 22. Qh5 Qe6 23. Qh4+ Kc7 24. Qh3 Re8 25. Qxe6 1/2-1/2

[Event "Quebec op U1700"]
[Site "Montreal"]
[Date "2016.07.24"]
[Round "3.18"]
[White "Raduica, Gheorghe"]
[Black "Pellerin Leclerc, Jonathan"]
[Result "1-0"]
[WhiteElo "1546"]
[BlackElo "1339"]
[PlyCount "171"]
[EventDate "2016.07.23"]
[EventType "swiss"]
[EventRounds "8"]
[EventCountry "CAN"]
[SourceTitle "EXT 2022"]
[Source "ChessBase"]
[SourceDate "2021.10.06"]
[SourceVersion "1"]
[SourceVersionDate "2021.10.06"]
[SourceQuality "1"]

1. e4 c5 2. Nf3 d6 3. d4 cxd4 4. Nxd4 e6 5. Nc3 a6 6. Nf3 Nc6 7. a3 g6 8. Bd3 Bg7 9. Bg5 Nge7 10. Qd2 0-0 11. Bh6 e5 12. Bxg7 Kxg7 13. h4 h5 14. 0-0-0 Bg4 15. Rdg1 Bxf3 16. gxf3 Nd4 17. Rg3 Nec6 18. f4 exf4 19. Qxf4 Ne6 20. Qf3 Ne5 21. Qd1 Nf4 22. Qd2 Nfxd3+ 23. cxd3 Rc8 24. Kb1 Qa5 25. f4 Ng4 26. Rd1 Rc6 27. Nd5 Qxd2 28. Rxd2 b5 29. Nb4 Rb6 30. Rc2 Nf6 31. e5 dxe5 32. fxe5 Ng4 33. d4 Rd8 34. Nc6 Rxc6 35. Rxc6 Rxd4 36. e6 fxe6 37. Rxe6 a5 38. Rc3 Nh6 39. Rc7+ Nf7 40. Ree7 Rf4 41. Ra7 a4 42. Rab7 Kf8 43. Rec7 Kg7 44. Rxb5 Rxh4 45. Rb4 Rg4 46. Kc2 Kf6 47. Rb6+ Kg7 48. Kd2 Rf4 49. Rb4 g5 50. Ke3 Rf5 51. Rxa4 g4 52. Rf4 Rf6 53. Rxf6 Kxf6 54. Kf4 Nd8 55. Kg3 Ne6 56. Rc8 Ng5 57. Rc4 Kf5 58. Rc5+ Kg6 59. Rb5 Ne4+ 60. Kg2 h4 61. Re5 h3+ 62. Kg1 Nd2 63. Rd5 Nf3+ 64. Kf2 h2 65. Rd1 Kf5 66. Kg3 Ke4 67. Rh1 Kd3 68. Rxh2 Kc4 69. Rh8 Kb3 70. Rb8+ Ka4 71. Rb4+ Ka5 72. Rxg4 Nd2 73. Kf2 Nb3 74. Ke3 Ka6 75. Kd3 Nc5+ 76. Kc4 Nd7 77. Kb4 Ne5 78. Rg3 Nc6+ 79. Kc5 Ne5 80. b4 Nd7+ 81. Kd4 Kb5 82. Rg5+ Kb6 83. a4 Kc6 84. Rg6+ Kc7 85. Rg7 Kc6 86. Rxd7 1-0

[Event "Quebec-ch Senior"]
[Site "Montreal"]
[Date "2014.02.09"]
[Round "4"]
[White "Dubois, Lorraine"]
[Black "Raduica, Gheorghe"]
[Result "0-1"]
[WhiteElo "1060"]
[BlackElo "1302"]
[PlyCount "60"]
[EventDate "2014.02.07"]
[EventType "swiss"]
[EventRounds "5"]
[EventCountry "CAN"]
[SourceTitle "EXT 2022"]
[Source "ChessBase"]
[SourceDate "2021.10.06"]
[SourceVersion "1"]
[SourceVersionDate "2021.10.06"]
[SourceQuality "1"]

1. d4 d6 2. c4 Nf6 3. Nc3 e6 4. Nf3 h6 5. Bf4 b6 6. b4 Bb7 7. e3 Be7 8. h3 Ne4 9. Qc2 Ng5 10. Be2 Nxf3+ 11. Bxf3 Bxf3 12. gxf3 Nd7 13. Rg1 Bf6 14. Ne4 Qe7 15. Nxf6+ Qxf6 16. Qe4 Ke7 17. Bg3 Qf5 18. Qxf5 exf5 19. 0-0-0 g5 20. f4 f6 21. Rde1 Kf7 22. d5 a5 23. a3 axb4 24. axb4 Ra4 25. Kc2 Rxb4 26. Kc3 Ra4 27. e4 fxe4 28. Rxe4 Nc5 29. Re2 Ra3+ 30. Kb4 Rb3# 0-1